Network society /

Bibliographic Details
Main Author: Iannone, Roberta (Author)
Corporate Author: EBSCOhost
Format: eBook
Language:English
Published: Wilmington, Delaware : Vernon Press, [2016]
Series:Vernon series in sociology
Subjects:
Online Access:Connect to the full text of this electronic book

MARC

Tag First Indicator Second Indicator Subfields
LEADER 00000cam a2200000zi 4500
001 in00003738457
005 20190409171522.0
006 m |o d |
007 cr |n|||||||||
008 160819s2016 deu o 000 0 eng d
020 |a 9781622731367 (electronic bk.) 
020 |a 1622731360 (electronic bk.) 
020 |z 1622730402 
020 |z 9781622730407 
024 8 |a 40026301660 
035 |a (NhCcYBP)EBSCO1331988 
040 |a NhCcYBP  |c NhCcYBP  |d UtOrBLW 
050 4 |a HM851  |b .I26 2016 
082 0 4 |a 303.48/33  |2 23 
100 1 |a Iannone, Roberta,  |e author.  |0 http://id.loc.gov/authorities/names/n2009077191 
245 1 0 |a Network society /  |c Roberta Iannone [and four others]. 
264 1 |a Wilmington, Delaware :  |b Vernon Press,  |c [2016] 
300 |a 1 online resource. 
336 |a text  |b txt  |2 rdacontent 
337 |a computer  |b c  |2 rdamedia 
338 |a online resource  |b cr  |2 rdacarrier 
490 0 |a Vernon series in sociology 
588 |a Description based on print version record. 
500 |a Electronic resource. 
650 0 |a Information society.  |0 http://id.loc.gov/authorities/subjects/sh89000606 
655 7 |a Electronic books.  |2 local 
710 2 |a EBSCOhost. 
776 1 8 |c Original  |z 1622730402  |z 9781622730407 
856 4 0 |u http://proxy.library.tamu.edu/login?url=http://search.ebscohost.com/login.aspx?direct=true&scope=site&db=nlebk&db=nlabk&AN=1331988  |z Connect to the full text of this electronic book  |t 0 
955 |a YBP purchased approval e-records 
980 |b 68.75  |g 1 
987 |a ybp13110704 
999 f f |s 3bf441e6-187b-3f7a-9848-ea8b09456de7  |i 73c7091b-c0a8-33e0-aed2-7e112e46c351  |t 0 
952 f f |a Texas A&M University  |b College Station  |c Electronic Resources  |d Available Online  |t 0  |e HM851 .I26 2016  |h Library of Congress classification 
998 f f |a HM851 .I26 2016  |t 0  |l Available Online